A history of Western Music (Record no. 15792)
[ view plain ]
| 000 -LEADER | |
|---|---|
| fixed length control field | 00372nam a22001337a 4500 |
| 008 - FIXED-LENGTH DATA ELEMENTS--GENERAL INFORMATION | |
| fixed length control field | 160316b xxu||||| |||| 00| 0 eng d |
| 020 ## - INTERNATIONAL STANDARD BOOK NUMBER | |
| International Standard Book Number | 0393918298 |
| 100 ## - MAIN ENTRY--PERSONAL NAME | |
| Personal name | Burkholder Peter J. |
| 245 ## - TITLE STATEMENT | |
| Title | A history of Western Music |
| 250 ## - EDITION STATEMENT | |
| Edition statement | 9th ed. |
| 260 ## - PUBLICATION, DISTRIBUTION, ETC. (IMPRINT) | |
| Place of publication, distribution, etc. | U.S.A |
| Name of publisher, distributor, etc. | w.w. norton $ company stand |
| Date of publication, distribution, etc. | 2014 |
| 300 ## - PHYSICAL DESCRIPTION | |
| Extent | xlii,143p. |
| Other physical details | ill |
| 942 ## - ADDED ENTRY ELEMENTS (KOHA) | |
| Source of classification or shelving scheme | Library of Congress Classification |
| Koha item type | General Collection |
| Call number prefix | ML160 .G87 2014 C.1 |
| Withdrawn status | Lost status | Source of classification or shelving scheme | Not for loan | Home library | Current library | Shelving location | Date acquired | Cost, normal purchase price | Total Checkouts | Total Renewals | Full call number | Barcode | Date last seen | Date last checked out | Copy number | Price effective from | Koha item type | Public note |
|---|---|---|---|---|---|---|---|---|---|---|---|---|---|---|---|---|---|---|
| Library of Congress Classification | Kabarak, Main Campus | Kabarak, Main Campus | General Stacks | 16/03/2016 | 15984.00 | 9 | 2 | ML160 .G87 2014 C.1 | 026489 | 09/05/2022 | 02/03/2022 | C.1 | 16/03/2016 | General Collection | To be put on reserve when returned - Gerald | |||
| Library of Congress Classification | Kabarak, Main Campus | Kabarak, Main Campus | General Stacks | 16/03/2016 | 15984.00 | 2 | 1 | ML160 .G87 2014 c.2 | 026852 | 26/03/2022 | 02/03/2022 | c.2 | 16/03/2016 | General Collection | To be put on reserve when returned - Gerald |